The Japanese ninja surprise #3 / created by Jeff ... Read More
Available copies
- 1 of 1 copy available at LARL/NWRL Consortium.
- 1 of 1 copy available at Northwest Regional Library. (Show preferred library)
Current holds
0 current holds with 1 total copy.
Show All Copies
| Location | Call Number / Copy Notes | Barcode | Shelving Location | Status | Due Date |
|---|---|---|---|---|---|
| Thief River Falls Public Library | j pb (Text) | 35500005505126 | Main | Available | - |
Record details
- ISBN: 9780545251877 (pbk.)
- ISBN: 0545251877 (pbk.)
- Physical Description: 96 p. : ill. ; 19 cm.
- Publisher: New York : Scholastic, 2010, c2009.
Content descriptions
| General Note: | Includes an excerpt from "The intrepid Canadian expedition." |
| Summary, etc.: | "Stanley Lambchop and his family are in British ... Read More |
Search for related items by subject
| Subject: | Adventure stories. Ninja > Juvenile fiction. Japan > Juvenile fiction. Adventure stories. Ninja. Japan. |
| Genre: | Fiction. Juvenile works. |
Search for related items by series
| LDR | 01967cam a2200433Ma 4500 | ||
|---|---|---|---|
| 001 | 169351 | ||
| 003 | LARL_NWRL_CONSORTIUM | ||
| 005 | 20140821092742.0 | ||
| 008 | 091217r20102009nyua j 000 1 eng d | ||
| 010 | . | ‡a2009014578 | |
| 020 | . | ‡a9780545251877 (pbk.) | |
| 020 | . | ‡a0545251877 (pbk.) | |
| 035 | . | ‡a(OCoLC)607363762 ‡z(OCoLC)650217847 | |
| 040 | . | ‡aCN5O4 ‡beng ‡cCN5O4 ‡dOCLCQ ‡dLHU ‡dOCLCQ ‡dCN5O8 ‡dTXCDR ‡dOCLCF ‡dOCLCO ‡dNRG | |
| 043 | . | ‡aa-ja--- | |
| 049 | . | ‡aNRGJ | |
| 050 | 0 | 4. | ‡aPZ7.P3856 ‡bJap 2009 |
| 082 | 1 | 4. | ‡a[E] ‡222 |
| 100 | 1 | . | ‡aPennypacker, Sara, ‡d1951- ‡0(LARL_NWRL_CONSORTIUM)112333 |
| 245 | 1 | 0. | ‡aThe Japanese ninja surprise ‡n#3 / ‡ccreated by Jeff Brown ; written by Sara Pennypacker ; pictures by Macky Pamintuan. |
| 260 | . | ‡aNew York : ‡bScholastic, ‡c2010, c2009. | |
| 300 | . | ‡a96 p. : ‡bill. ; ‡c19 cm. | |
| 490 | 0 | . | ‡aFlat Stanley's worldwide adventures; ‡v3 |
| 500 | . | ‡aIncludes an excerpt from "The intrepid Canadian expedition." | |
| 520 | . | ‡a"Stanley Lambchop and his family are in British Columbia, Canada for some skiing and winter fun. But when Stanley and his new friend Nick go snowboarding - with Stanley as the snowboard, of course - they take a midair tumble just as the wind picks up ... and find themselves in an amzing Canadian cross-country journey that might just be Stanley's wildest adventure yet!"--P. [4] of cover. | |
| 650 | 0. | ‡aAdventure stories. ‡0(LARL_NWRL_CONSORTIUM)12829 | |
| 650 | 0. | ‡aNinja ‡vJuvenile fiction. | |
| 651 | 0. | ‡aJapan ‡vJuvenile fiction. | |
| 650 | 7. | ‡aAdventure stories. ‡2fast ‡0(LARL_NWRL_CONSORTIUM)12829 | |
| 650 | 7. | ‡aNinja. ‡2fast ‡0(LARL_NWRL_CONSORTIUM)40089 | |
| 651 | 7. | ‡aJapan. ‡2fast ‡0(LARL_NWRL_CONSORTIUM)178447 | |
| 655 | 7. | ‡aFiction. ‡2fast | |
| 655 | 7. | ‡aJuvenile works. ‡2fast | |
| 700 | 1 | . | ‡aPamintuan, Macky. ‡0(LARL_NWRL_CONSORTIUM)194288 |
| 700 | 1 | . | ‡aBrown, Jeff, ‡d1926-2003. ‡0(LARL_NWRL_CONSORTIUM)74247 |
| 994 | . | ‡aC0 ‡bNRG | |
| 901 | . | ‡a169351 ‡bOCLC ‡c169351 ‡tbiblio | |

Add to basket
Permalink
Disable Highlighting